| 000 | 00909pam a2200265 a 4500 | ||
|---|---|---|---|
| 999 |
_c529110 _d529110 |
||
| 001 | 3786480 | ||
| 005 | 20190919184413.0 | ||
| 008 | 840426s1985 nyua b 001 0 eng | ||
| 010 | _a 84010050 | ||
| 020 |
_a0070154414 : _c$23.50 (est.) |
||
| 040 |
_aDLC _cDLC _dDLC |
||
| 050 | 0 | 0 |
_aTA357 _b.D37 1985 |
| 082 | 0 | 0 |
_a620.106 _219 _bDAU |
| 100 | 1 |
_aDaugherty, Robert L. _q(Robert Long), _d1885- _920964 |
|
| 245 | 1 | 0 |
_aFluid mechanics with engineering applications / _cRobert L. Daugherty, Joseph B. Franzini, E. John Finnemore. |
| 260 |
_aIslamabad : _bNational Book Foundation, _cc1985. |
||
| 300 |
_axix, 598 p. : _bill. ; _c24 cm. |
||
| 500 | _aIncludes index. | ||
| 504 | _aBibliography: p. 579-581. | ||
| 650 | 0 |
_aFluid mechanics. _91678 |
|
| 700 | 1 |
_aFranzini, Joseph B. _920965 |
|
| 700 | 1 |
_aFinnemore, E. John. _920966 |
|
| 906 |
_a7 _bcbc _corignew _d1 _eocip _f19 _gy-gencatlg |
||
| 942 |
_2ddc _cBK |
||